01106nam a2200337Ia 450000500170000000800390001702000180005604100080007410000280008224500740011025000180018430000250020249000140022750000420024152100360028353400260031965000430034565000470038865000370043565000370047265000340050970000290054394200150057226400320058733600270061933700330064633800280067904000350070708400110074299900150075320220317001817.0170328s2011 sp g 000 j spa a9788499081168 aspa1 aJames, Henryd1843-191610aOtra vuelta de tuercacHenry James ; traducción de Antonio Desmonts a2a. edición a202 páginasc19 cm aClásica aIncluye datos biográficos del autor aRecomendado desde los 12 años tThe turn of the screw142LEMBaNovela juvenil inglesaySiglo XX142LEMBaLiteratura juvenil inglesaySiglo XX142LEMBaFantasmas en la literatura142LEMBaNiñeras en al literatura142LEMBaTerror en la literatura1 aDesmonts, Antonio991246 2loccBKLIT aBarcelonabDebolsilloc2011 atextobtxt2rdacontent asin mediaciónbn2rdamedia avolumenbnc2rdacarrier aCO-BoRNBPbspaerdacCO-BoRNBP aN JAM1 c8175d8175